[Event "AUTO-INT-2120"]
[Site "http://www.queenalice.com/game.php?id=974873"]
[Date "2011.8.20"]
[Round "1"]
[White "I_BOSS_BO"]
[Black "PitBullLoko"]
[Result "0-1"]
[WhiteElo "1549"]
[BlackElo "1703"]

1. e4 e5 2. Nf3 Nc6 3. Bb5 a6 4. Bxc6 bxc6 5. Nxe5 Qe7 6. d4 Nf6 7. Bg5 Qb4+ 8.
c3 Qxb2 9. Qb3 Qxb3 10. axb3 Bd6 11. Nc4 Nxe4 12. Be3 O-O 13. O-O Be7 14. f3 d5
15. Ne5 Bb7 16. fxe4 f6 17. Ng4 dxe4 18. Nd2 f5 19. Ne5 Bd6 20. Ra5 g6 21. b4 c5
22. bxc5 Bxe5 23. dxe5 Rfd8 24. Nc4 Bd5 25. Nb2 Rab8 26. Bg5 Re8 27. c4 Rxe5 28.
cxd5 Rxd5 29. Na4 Rb5 30. Rxa6 e3 31. Bf6 Kf7 32. Re1 Rb3 33. Rc6 Rd2 0-1

[Event "AUTO-INT-2120"]
[Site "http://www.queenalice.com/game.php?id=974874"]
[Date "2011.8.20"]
[Round "1"]
[White "PitBullLoko"]
[Black "I_BOSS_BO"]
[Result "1-0"]
[WhiteElo "1610"]
[BlackElo "1488"]

1. e4 e5 2. Nf3 Qf6 3. g3 d6 4. Bg2 Bg4 5. Nc3 Nc6 6. Nd5 Qd8 7. h3 Bxf3 8. Bxf3
g5 9. d3 a6 10. h4 f6 11. Bh5+ Kd7 12. Qg4+ f5 13. Qxf5# 1-0

[Event "AUTO-INT-2120"]
[Site "http://www.queenalice.com/game.php?id=974875"]
[Date "2011.8.20"]
[Round "1"]
[White "I_BOSS_BO"]
[Black "JonathanSouza"]
[Result "0-1"]
[WhiteElo "1513"]
[BlackElo "1472"]

1. e4 e5 2. Nf3 d6 3. c4 b6 4. b4 Na6 5. Qa4+ Qd7 6. b5 Nc5 7. Qc2 f6 8. Be2 a5
9. Ba3 g5 10. h3 h5 11. g3 a4 12. Nc3 g4 13. hxg4 Bg7 14. gxh5 Qg4 15. Nxe5 Qg5
16. f4 Qxg3+ 0-1

[Event "AUTO-INT-2120"]
[Site "http://www.queenalice.com/game.php?id=974876"]
[Date "2011.8.20"]
[Round "1"]
[White "JonathanSouza"]
[Black "I_BOSS_BO"]
[Result "1-0"]
[WhiteElo "1453"]
[BlackElo "1532"]

1. e4 e5 2. Qh5 g6 3. Qxe5+ Qe7 4. Qxh8 Nf6 5. f3 d6 6. d3 Nbd7 7. Nh3 Nc5 8.
Bg5 Ncd7 9. Bh6 c6 10. Ng5 Kd8 11. Nxh7 Kc7 12. Nxf8 Nxf8 13. c4 d5 14. cxd5
cxd5 15. Nc3 Be6 16. exd5 Bd7+ 17. Ne4 Re8 18. Bf4+ 1-0

[Event "AUTO-OPEN-2480"]
[Site "http://www.queenalice.com/game.php?id=986460"]
[Date "2011.9.17"]
[Round "1"]
[White "I_BOSS_BO"]
[Black "HILITO"]
[Result "0-1"]
[WhiteElo "1493"]
[BlackElo "2157"]

1. e4 c6 2. c3 d5 3. Bd3 dxe4 4. Bxe4 Nd7 5. d3 Ngf6 6. b4 g6 7. h4 Bg7 8. Ba3
Ne5 9. Nh3 Nxe4 10. Nf4 Nxc3 11. Qc2 Nxb1 12. Rxb1 Bf5 13. Rd1 Qd4 14. g3 Rd8
15. O-O Bxd3 16. Qc5 Nf3+ 17. Kg2 Qxc5 18. bxc5 Be4 19. Bb4 Nd2+ 20. Kg1 Nxf1
21. Rxf1 O-O 0-1

[Event "AUTO-OPEN-2480"]
[Site "http://www.queenalice.com/game.php?id=986489"]
[Date "2011.9.17"]
[Round "1"]
[White "maurice91"]
[Black "I_BOSS_BO"]
[Result "1-0"]
[WhiteElo "1791"]
[BlackElo "1556"]

1. d4 Nf6 2. c4 e6 3. Nc3 Bb4 4. e3 Bxc3+ 5. bxc3 d5 6. cxd5 Nxd5 7. c4 Nf6 8.
Nf3 b6 9. Be2 Bb7 10. Ba3 Nbd7 11. O-O c5 12. dxc5 h6 13. cxb6 axb6 14. Bb4 g5
15. Bc3 h5 16. Nxg5 Rg8 17. Bxh5 Rxg5 18. Bf3 Ne4 19. Bxe4 Bxe4 20. f3 Bf5 21.
Qc1 Bh3 22. Rf2 1-0

[Event "AUTO-OPEN-2480"]
[Site "http://www.queenalice.com/game.php?id=986490"]
[Date "2011.9.17"]
[Round "1"]
[White "I_BOSS_BO"]
[Black "maurice91"]
[Result "0-1"]
[WhiteElo "1563"]
[BlackElo "1784"]

1. e4 c6 2. d4 d5 3. e5 c5 4. dxc5 Nc6 5. f4 Bf5 6. Nc3 e6 7. Bb5 Bxc5 8. a3 a5
9. g4 Be4 10. Nh3 Bxh1 11. f5 Qh4+ 12. Kd2 Qxh3 13. Qxh1 Qxg4 14. fxe6 Qxe6 15.
Qe1 Ne7 16. b3 O-O 17. Bb2 Qxe5 18. Bxc6 Qxh2+ 19. Ne2 Nxc6 20. Kc1 Rfe8 21. Qc3
Be3+ 0-1

[Event "AUTO-INT-2149"]
[Site "http://www.queenalice.com/game.php?id=987678"]
[Date "2011.9.20"]
[Round "1"]
[White "johnny"]
[Black "I_BOSS_BO"]
[Result "1-0"]
[WhiteElo "1768"]
[BlackElo "1469"]

1. e4 e5 2. Nf3 Nc6 3. d3 Bc5 4. Be3 b6 5. Nc3 Nf6 6. a3 a5 7. a4 Bb4 8. Bd2 d5
9. exd5 Nxd5 10. Be2 h5 11. Nxd5 Qxd5 12. O-O h4 13. c4 Qe6 14. Bxb4 Nxb4 15. b3
h3 16. g3 Bb7 17. Ng5 Qc6 18. Bf3 1-0

[Event "AUTO-INT-2149"]
[Site "http://www.queenalice.com/game.php?id=987679"]
[Date "2011.9.20"]
[Round "1"]
[White "I_BOSS_BO"]
[Black "johnny"]
[Result "0-1"]
[WhiteElo "1573"]
[BlackElo "1735"]

1. e4 e5 2. Nf3 Nc6 3. Nc3 Bb4 4. d3 Nf6 5. g4 Nxg4 6. Bh3 d6 7. a3 Bxc3+ 8.
bxc3 Nxf2 9. Kxf2 Bxh3 10. Rg1 g6 11. Rb1 b6 12. c4 Qf6 13. Bg5 Qg7 14. Qd2 h6
15. Bh4 O-O 0-1